000 01233nam a2200385 i 4500
003 EG-GICUC
005 20260412075444.0
008 260331s1986 nyua|||fr|||| 00| 0 eng d
020 _a0080326978
020 _a008032696x
040 _aEG-GiCUC
_beng
_cEG-GiCUC
_dEG-GiCUC
_erda
082 0 4 _221
_a343.3
_bPO
092 0 4 _221
099 _aLaw1 10 343.3 PO 1986
245 1 4 _aThe Police Powers Procedures and Proprieties /
_cEdited by John Benyon, Colin Bourn, Foreward by Lord Scarman.
250 _aFrist Edition
264 3 _aNew York :
_bPergamon Press,
_c1962.
264 3 _aGreat Britain :
_bWheaton & Co. Ltd. Exeter,
300 _a360 pages :
_billustrations,
_c24 cm.
336 _2rda content
_atext
337 _2rda media
_aComputer
338 _2rda carrier
_aOnline Resource
500 _aIndex
504 _aBibliography: pages 299-312 .
546 _aText in English
650 1 _aLaw of Criminal Procedure
_2qrmak
650 1 _aCriminal Law
_2qrmak
651 1 _2qrmak
700 1 _aBenyon, John
_eeditor.
700 1 _aBourn, Colin
_eeditor.
700 1 _aScarman, Lord
_epresenter
856 4 0 _uhttps://fll.law.cu.edu.eg/fulltext/bks/B10-08917.pdf
905 _a54
942 _2ddc
_cBK
_e21
_n0
999 _c68046
_d68046